| 000 | 01328cam a2200337 a 4500 | ||
|---|---|---|---|
| 001 | 13308901 | ||
| 003 | BD-DhUL | ||
| 005 | 20171220113028.0 | ||
| 008 | 030812s2004 enka b 001 0 eng | ||
| 010 | _a 2003018035 | ||
| 020 | _a0521276411 | ||
| 020 | _a041525891X (pbk.) | ||
| 035 | _a(OCoLC)ocm52845874 | ||
| 040 |
_aDLC _cDLC _dYDX _dOBE _dVET _dBAKER _dMUQ _dNLGGC _dNLGGC _dBD-DhUL |
||
| 050 | 0 | 0 |
_aP37 _b.F5 2004 |
| 082 | 0 | 0 |
_a401/.9 _222 |
| 084 |
_a17.30 _2bcl |
||
| 100 | 1 |
_aField, John _d1945- |
|
| 245 | 1 | 0 |
_aPsycholinguistics : _bthe key concepts / _cJohn Field. |
| 260 |
_aLondon ; _aNew York : _bRoutledge, _c2004. |
||
| 300 |
_axx, 366 p. : _bill. ; _c23 cm. |
||
| 440 | 0 | _aRoutledge key guides | |
| 504 | _aIncludes bibliographical references (p. 335-349) and index. | ||
| 650 | 0 | _aPsycholinguistics. | |
| 650 | 2 | _aPsycholinguistics. | |
| 856 | 4 | 1 |
_3Table of contents only _uhttp://www.loc.gov/catdir/toc/ecip047/2003018035.html _zConnect to Table of contents |
| 856 | 4 | 2 |
_3Publisher description _uhttp://www.loc.gov/catdir/enhancements/fy0650/2003018035-d.html |
| 906 |
_a7 _bcbc _corignew _d1 _eecip _f20 _gy-gencatlg |
||
| 942 |
_2ddc _cBK |
||
| 955 |
_aed. & series in data view not in ECIP lg27 2003-08-12 _clg27 2003-08-12 to Slavic for subj. _aaa15 2003-08-12 _aps08 2006-07-10 1 copy rec'd., to CIP ver. |
||
| 999 |
_c131169 _d131169 |
||